| 000 | 00619cam a2200229 4500 | ||
|---|---|---|---|
| 001 | J61209 | ||
| 008 | 000000n1998 000 0 eng u | ||
| 035 | _a(Sirsi) u105767 | ||
| 041 | _aeng | ||
| 050 | _a333.332025 | ||
| 110 |
_aIncorporated Society of Valuers and Auctioneers _91201 |
||
| 245 | 4 | _aThe ISVA directory of members and member firms 1998/9 | |
| 250 | _a4th ed. | ||
| 260 |
_aKent _bPhoenix Publishing _c1998 |
||
| 300 | _aca.500p. ; 22cm. | ||
| 650 | _aAUCTIONEERS | ||
| 650 | _aDIRECTORIES | ||
| 650 | _aHISTORY | ||
| 650 | _aCODE OF CONDUCT | ||
| 690 | _aRATING AND VALUATION | ||
| 942 | _n0 | ||
| 999 |
_c100471 _d100471 |
||